MARC details
| 000 -CABECERA |
| campo de control de longitud fija |
02406cab a2200313 ab4500 |
| 005 - FECHA Y HORA DE LA ÚLTIMA TRANSACCIÓN |
| campo de control |
20240920133621.0 |
| 008 - ELEMENTOS DE LONGITUD FIJA--INFORMACIÓN GENERAL |
| campo de control de longitud fija |
991125c2015 sp tr p o 000 0 spa d |
| 035 ## - NÚMERO DE CONTROL DEL SISTEMA |
| Número de control de sistema |
UPN01000227746 |
| 040 ## - FUENTE DE LA CATALOGACIÓN |
| Centro catalogador/agencia de origen |
MX-MxUPN |
| Lengua de catalogación |
spa |
| Centro/agencia transcriptor |
MX-MxUPN |
| Normas de descripción |
aacr2 |
| 049 ## - COLECCIÓN |
| Colección |
ART-E |
| 100 1# - ASIENTO PRINCIPAL--NOMBRE PERSONAL |
| Nombre de persona |
Figueroa Gazo, Pilar |
| Enlace |
- pfiguera@ub.edu |
| 100 1# - ASIENTO PRINCIPAL--NOMBRE PERSONAL |
| Nombre de persona |
Torrado Fonseca, Mercedes |
| 100 1# - ASIENTO PRINCIPAL--NOMBRE PERSONAL |
| Nombre de persona |
Dorio Alcaraz, Inmaculada |
| 100 1# - ASIENTO PRINCIPAL--NOMBRE PERSONAL |
| Nombre de persona |
Freixa Niella, Montserrat |
| 245 10 - MENCIÓN DE TÍTULO |
| Título |
Trayectorias de persistencia y abandono de estudiantes universitarios no convencionales : |
| Resto del título |
implicaciones para la orientación |
| Medio |
[recurso electrónico en línea] |
| 506 0# - NOTA DE RESTRICCIONES AL ACCESO |
| Limitaciones de acceso |
Acceso abierto |
| 520 3# - NOTA DE RESUMEN, ETC. |
| Sumario, etc. |
Uno de los objetivos de la política universitaria a nivel nacional e internacional ha sido la diversificación de las vías de entrada a la universidad para favorecer el acceso más generalizado a la educación superior. Sin embargo, el establecimiento de políticas de acceso debe ir acompañado de medidas para garantizar la permanencia en el sistema. La orientación es uno de los instrumentos más significativos. El artículo presenta los resultados de una investigación longitudinal sobre los procesos de transición y persistencia de una cohorte de estudiantes de ADE y Pedagogía de la Universidad de Barcelona que iniciaron los estudios en el año 2010. Los datos confirman que las situaciones de retraso académico, fracaso y abandono son significativamente superiores entre los estudiantes que accedieron a través de las vías no convencionales (específicamente aquellos procedentes de las vías CFGS, mayores de 25 años y 45 años). A partir de los resultados procedentes de las bases de datos institucionales y de los cuestionarios de seguimiento, se discute las implicaciones para el establecimiento de acciones de orientación y tutoría que contribuyan a la verdadera equidad del sistema. REIFOP |
| 653 0# - TERMINO DE INDIZACION - NO CONTROLADO |
| Término no controlado |
Transición educativa |
| 653 0# - TERMINO DE INDIZACION - NO CONTROLADO |
| Término no controlado |
Ingreso a la universidad |
| 653 0# - TERMINO DE INDIZACION - NO CONTROLADO |
| Término no controlado |
Estudiantes no convencionales |
| 653 0# - TERMINO DE INDIZACION - NO CONTROLADO |
| Término no controlado |
Orientación educativa |
| 653 0# - TERMINO DE INDIZACION - NO CONTROLADO |
| Término no controlado |
Persistencia |
| 773 ## - ENLACE AL DOCUMENTO FUENTE/ENTRADA DE REGISTRO ANFITRIÓN |
| Parte(s) relacionada(s) |
Vol. 18, no. 2 (2015), p. 107-123 |
| Título |
REIFOP: revista electrónica interuniversitaria de formación del profesorado |
| Número Internacional Normalizado para Publicaciones Seriadas |
1575-0965 |
| 856 4# - LOCALIZACIÓN Y ACCESO ELECTRÓNICOS |
| Identificador Uniforme del Recurso |
<a href="https://revistas.um.es/reifop/article/view/220101">https://revistas.um.es/reifop/article/view/220101</a> |
| 856 4# - LOCALIZACIÓN Y ACCESO ELECTRÓNICOS |
| Identificador Uniforme del Recurso |
<a href="http://dx.doi.org/10.6018/reifop.18.2.220101">http://dx.doi.org/10.6018/reifop.18.2.220101</a> |
| 902 ## - ELEMENTOS DE DATOS B LOCAL, LDB (RLIN) |
| Creó |
Leonor Sotres/180924 |
| 905 ## - TIPO DE MATERIAL |
| Tipo de material |
Articulo |
| 942 ## - ELEMENTOS DE PUNTO DE ACCESO ADICIONAL (KOHA) |
| Tipo de ítem Koha |
Artículo Electrónico |